01129cam a22002897a 450000100060000000300050000600500170001100800410002804000320006904100190010108200150012010000540013524000770018924500800026626000530034630000260039950001000042554600230052565000250054865500190057385200120059294200180060495201690062298100200079198200110081199900170082285841ItRI20260429115932.0070917q19952014it |||||| ||||| |ita|c bitaaM-RABAcM-RABAdM-RABA 7aita2ISO-639-2 a937.752231 aCiancio, Angela0IT\ICCU\CFIV\1035324aut911170210aParco archeologico di Monte Sannace : guida alla visita9Ciancio, Angela10aParco archeologico di Monte Sannace :bguida alla visita /cAngela Ciancio. a[S.l. :bs.n.],c[1995]e(Fasano :fGrafischena) a23 p. :bil. ;c21 cm aEn cub.: Ministero per i beni culturali e ambientali, Soprintendenza archeologica della Puglia. aTexto en italiano. 7aArqueología918834 4aGuías962716 jF-16113 cFONDOMODERn0 00102ddc4070aRABASFbRABASFcDP2d2026-04-29eDi48221l0oF-16113p1097134r2026-04-29 12:00:13w2026-04-29yFONDOMODERzDonación de Vincenzo Giuseppe Sabini 16z01ai bxxxe  16z01an c85841d85841